[Event "Druga liga CS-Istok 2007"]
[Site "?"]
[Date "2007.09.16"]
[Round "2.1"]
[White "Dimitrijevic, Srdjan"]
[Black "Stojanovic, Zlatko"]
[Result "1-0"]
[WhiteElo "2313"]
[BlackElo "2225"]
[PlyCount "61"]
[EventDate "2007.09.13"]

1. d4 Nf6 2. c4 c5 3. d5 e6 4. Nc3 a6 5. e4 exd5 6. cxd5 d6 7. a4 g6 8. h3 Bg7
9. Nf3 O-O 10. Bd3 Nbd7 11. O-O Re8 12. Re1 Qc7 13. Bc4 b6 14. Bf4 Bb7 15. Bh2
Nh5 16. g4 Nhf6 17. Nd2 Re7 18. f4 Rae8 19. Qc2 h5 20. g5 Nh7 21. Nf3 b5 22.
axb5 Nb6 23. Bf1 a5 24. Rad1 Bc8 25. Kh1 Bd7 26. e5 Bf5 27. Qf2 Nd7 28. Nh4 Qb8
29. Nxf5 gxf5 30. Na4 Nhf8 31. Qc2 1-0

[Event "Druga liga CS-Istok 2007"]
[Site "?"]
[Date "2007.09.16"]
[Round "2.1"]
[White "Nikolic, Zoran"]
[Black "Petkovic, Dragoslav"]
[Result "1/2-1/2"]
[WhiteElo "2169"]
[BlackElo "2281"]
[PlyCount "120"]
[EventDate "2007.09.13"]

1. d4 d6 2. e4 Nf6 3. Nc3 c6 4. a4 Qa5 5. Bd3 e5 6. Bd2 Qc7 7. dxe5 dxe5 8. h3
Nbd7 9. Qe2 Nc5 10. Bc4 Be6 11. Nf3 Be7 12. b4 Bxc4 13. Qxc4 Ne6 14. Be3 O-O
15. O-O Rfe8 16. Ng5 Nxg5 17. Bxg5 Qb6 18. Bxf6 Bxf6 19. Ne2 Rad8 20. Rad1 Rxd1
21. Rxd1 Rd8 22. Rxd8+ Qxd8 23. g3 Qd2 24. Kg2 g6 25. c3 Kg7 26. Ng1 Qc2 27. b5
Bd8 28. bxc6 Bb6 29. Qe2 Qxe2 30. Nxe2 bxc6 31. Nc1 Kf6 32. Kf3 Ke6 33. Ke2 Kd6
34. f3 Bd8 35. Kd3 f5 36. Kc4 h5 37. Nd3 Bb6 38. g4 fxg4 39. fxg4 hxg4 40. hxg4
Be3 41. Ne1 Ke6 42. Nf3 Kd6 43. Nh4 Ke6 44. Nxg6 Bf2 45. g5 Be3 46. Nf8+ Ke7
47. Nh7 Kf7 48. Nf6 Kg6 49. Ng4 Bf4 50. Nf2 Kxg5 51. Nd3 Kg4 52. Nb4 Kf3 53.
Nxc6 Kxe4 54. Nxa7 Kf5 55. Nc6 Ke6 56. a5 Kd6 57. Kb5 Kc7 58. Ne7 Bd2 59. a6
Kb8 60. c4 e4 1/2-1/2

[Event "Druga liga CS-Istok 2007"]
[Site "?"]
[Date "2007.09.16"]
[Round "2.1"]
[White "Manojlovic, Nebojsa"]
[Black "Ilcic, Radoslav"]
[Result "0-1"]
[WhiteElo "2168"]
[BlackElo "2201"]
[PlyCount "87"]
[EventDate "2007.09.13"]

1. c4 c5 2. Nf3 g6 3. g3 Bg7 4. Bg2 Nc6 5. O-O e6 6. Nc3 Nge7 7. d4 cxd4 8. Nb5
O-O 9. Nbxd4 d5 10. cxd5 Nxd4 11. Nxd4 Nxd5 12. e4 Nb6 13. Nb5 Bd7 14. Qb3 Bxb5
15. Qxb5 Qd4 16. Rb1 Qa4 17. Qxa4 Nxa4 18. b3 Nc3 19. Rb2 Rfd8 20. Rc2 b5 21.
a3 a5 22. Be3 b4 23. e5 Nd5 24. axb4 axb4 25. Bd4 Rab8 26. f4 Ne7 27. Rc4 Bf8
28. g4 Nd5 29. f5 Bh6 30. fxe6 fxe6 31. Rc6 Be3+ 32. Bxe3 Nxe3 33. Re1 Rd3 34.
Rxe6 Rxb3 35. Rd6 Rc3 36. Bd5+ Nxd5 37. Rxd5 b3 38. Rdd1 b2 39. Kf2 Rc2+ 40.
Kg3 Rb3+ 41. Kf4 Rc4+ 42. Kg5 Kg7 43. Rd7+ Kf8 44. Rf1+ 0-1

[Event "Druga liga CS-Istok 2007"]
[Site "?"]
[Date "2007.09.16"]
[Round "2.1"]
[White "Batanjac, Aleksandar"]
[Black "Lepojevic, Nebojsa"]
[Result "1-0"]
[WhiteElo "2147"]
[BlackElo "2077"]
[PlyCount "83"]
[EventDate "2007.09.13"]

1. e4 c5 2. Nf3 Nc6 3. d4 cxd4 4. Nxd4 g6 5. Nxc6 bxc6 6. Qd4 Nf6 7. e5 Nd5 8.
e6 Nf6 9. exf7+ Kxf7 10. Nd2 Bg7 11. Nf3 Re8 12. Bf4 Kg8 13. O-O-O Qb6 14. Qxb6
axb6 15. Be3 Ba6 16. Bxa6 Rxa6 17. a3 Nd5 18. Bd4 e5 19. Rhe1 d6 20. c4 Rc8 21.
cxd5 exd4 22. dxc6 Rxc6+ 23. Kb1 Rc4 24. Rd3 b5 25. Ng5 Be5 26. g3 b4 27. f4
Bf6 28. Ne4 Bg7 29. Nd2 Rc8 30. axb4 Rb8 31. Rb3 d5 32. Kc2 Rab6 33. Re7 Bf8
34. Rd7 Bxb4 35. Nf3 Bc5 36. Rxb6 Bxb6 37. Rxd5 Re8 38. Nxd4 Re1 39. Nf3 Re3
40. Nd2 Re1 41. b4 Be3 42. Nc4 1-0

[Event "Druga liga CS-Istok 2007"]
[Site "?"]
[Date "2007.09.16"]
[Round "2.2"]
[White "Djuric, Ranko"]
[Black "Stojkovic, Dragan S"]
[Result "1/2-1/2"]
[WhiteElo "2156"]
[BlackElo "1745"]
[PlyCount "23"]
[EventDate "2007.09.13"]

1. e4 e5 2. Nf3 Nc6 3. Bb5 Nf6 4. O-O d6 5. h3 Bd7 6. Re1 Be7 7. Nc3 a6 8. Ba4
O-O 9. d3 h6 10. Bb3 Na5 11. Ne2 Nxb3 12. axb3 1/2-1/2

[Event "Druga liga CS-Istok 2007"]
[Site "?"]
[Date "2007.09.16"]
[Round "2.2"]
[White "Stojanovic, Milorad"]
[Black "Vasic, Zarko"]
[Result "1/2-1/2"]
[WhiteElo "2061"]
[BlackElo "2099"]
[PlyCount "26"]
[EventDate "2007.09.13"]

1. e4 e6 2. d4 d5 3. exd5 exd5 4. Bd3 Nf6 5. Ne2 Bd6 6. O-O O-O 7. Nbc3 Nc6 8.
Nb5 Be7 9. Bf4 Ne8 10. f3 a6 11. Nbc3 Bf6 12. a3 g6 13. Be3 Ng7 1/2-1/2

[Event "Druga liga CS-Istok 2007"]
[Site "?"]
[Date "2007.09.16"]
[Round "2.3"]
[White "Bojovic, Dusan"]
[Black "Pantic, Milivoje"]
[Result "1/2-1/2"]
[WhiteElo "2222"]
[BlackElo "2161"]
[PlyCount "69"]
[EventDate "2007.09.13"]

1. e4 e5 2. Nf3 Nc6 3. d4 exd4 4. Nxd4 Bb4+ 5. c3 Be7 6. Be3 Nf6 7. Nd2 O-O 8.
Qc2 d5 9. Nxc6 bxc6 10. Bd3 dxe4 11. Nxe4 Nd5 12. Bd2 f5 13. Ng3 Bg5 14. O-O-O
Bxd2+ 15. Qxd2 Qh4 16. Bc2 Nf4 17. Ne2 Nxe2+ 18. Qxe2 Qh6+ 19. Qd2 Qxd2+ 20.
Rxd2 Be6 21. Re1 Kf7 22. Rde2 Rfe8 23. Rxe6 Rxe6 24. Bb3 Rae8 25. Kc2 Kf6 26.
Rxe6+ Rxe6 27. Bxe6 Kxe6 28. Kb3 Kd5 29. Kb4 Ke4 30. Kc4 g5 31. Kc5 Kd3 32.
Kxc6 Ke2 33. f3 Kf2 34. a4 Kxg2 35. a5 1/2-1/2

[Event "Druga liga CS-Istok 2007"]
[Site "?"]
[Date "2007.09.16"]
[Round "2.3"]
[White "Vulicevic, Bratimir"]
[Black "Jovanovic, Dragan"]
[Result "1/2-1/2"]
[WhiteElo "2169"]
[BlackElo "2122"]
[PlyCount "38"]
[EventDate "2007.09.13"]

1. d4 d5 2. Nf3 Nf6 3. c4 c6 4. cxd5 cxd5 5. Nc3 e6 6. Bg5 Be7 7. e3 O-O 8. Bd3
Nc6 9. O-O Re8 10. Rc1 h6 11. Bh4 Bd7 12. h3 Rc8 13. Bg3 a6 14. Qe2 Nh7 15.
Rfd1 Bf6 16. Bb1 Nf8 17. e4 Qb6 18. e5 Be7 19. Bf4 f5 1/2-1/2

[Event "Druga liga CS-Istok 2007"]
[Site "?"]
[Date "2007.09.16"]
[Round "2.3"]
[White "Rilak, Slavoljub"]
[Black "Djukic, Stevan"]
[Result "1/2-1/2"]
[WhiteElo "2089"]
[BlackElo "2175"]
[PlyCount "48"]
[EventDate "2007.09.13"]

1. e4 e6 2. d4 d5 3. exd5 exd5 4. Bd3 Bd6 5. Nf3 Bg4 6. h3 Bh5 7. O-O Ne7 8.
Bg5 f6 9. Bh4 Nbc6 10. c3 Qd7 11. Nbd2 O-O-O 12. Bg3 Bxg3 13. fxg3 Bg6 14. Qc2
Qd6 15. g4 Bxd3 16. Qxd3 h5 17. g5 h4 18. Rf2 Rh5 19. Qe2 Rf8 20. gxf6 gxf6 21.
Ne5 Rhh8 22. Nxc6 Nxc6 23. Qg4+ Kb8 24. Re1 Nd8 1/2-1/2

[Event "Druga liga CS-Istok 2007"]
[Site "?"]
[Date "2007.09.16"]
[Round "2.4"]
[White "Dezelin, Milan"]
[Black "Vojinovic, Goran"]
[Result "1/2-1/2"]
[WhiteElo "2331"]
[BlackElo "2463"]
[PlyCount "33"]
[EventDate "2007.09.13"]

1. Nf3 d5 2. b3 Nf6 3. Bb2 c6 4. g3 Bf5 5. Bg2 e6 6. O-O h6 7. c4 Be7 8. d3 O-O
9. Nbd2 a5 10. a3 Na6 11. Rc1 Bh7 12. Rc2 Nd7 13. Qa1 Bf6 14. Bxf6 Nxf6 15. Qc3
Nc7 16. Ra1 Qe7 17. Rb2 1/2-1/2

[Event "Druga liga CS-Istok 2007"]
[Site "?"]
[Date "2007.09.16"]
[Round "2.4"]
[White "Raicevic, Vladimir"]
[Black "Djokic, Nebojsa"]
[Result "1-0"]
[WhiteElo "2416"]
[BlackElo "2252"]
[PlyCount "59"]
[EventDate "2007.09.13"]

1. d4 Nf6 2. c4 g6 3. Nc3 Bg7 4. e4 d6 5. f3 O-O 6. Be3 c5 7. Nge2 Nc6 8. Qd2
Qa5 9. Rc1 Rd8 10. b3 a6 11. d5 Ne5 12. f4 Neg4 13. Bg1 b5 14. Ng3 e5 15. dxe6
fxe6 16. h3 b4 17. Nd1 Nh6 18. Be3 Nf7 19. Bd3 Bb7 20. O-O Rac8 21. f5 gxf5 22.
exf5 e5 23. Qc2 d5 24. cxd5 Bxd5 25. Nf2 Nd6 26. Nfe4 Nb5 27. Nxf6+ Bxf6 28.
Nh5 Rf8 29. Bc4 Qd8 30. Nxf6+ 1-0

[Event "Druga liga CS-Istok 2007"]
[Site "?"]
[Date "2007.09.16"]
[Round "2.4"]
[White "Madjar, Stanislav"]
[Black "Miletic, Darko"]
[Result "1-0"]
[WhiteElo "2176"]
[BlackElo "2103"]
[PlyCount "59"]
[EventDate "2007.09.13"]

1. c4 Nf6 2. Nc3 c5 3. g3 Nc6 4. Bg2 g6 5. Nf3 Bg7 6. O-O O-O 7. d4 cxd4 8.
Nxd4 Qb6 9. Nb3 d6 10. c5 dxc5 11. Na4 Qc7 12. Naxc5 Rd8 13. Bd2 a5 14. a4 Nd5
15. Qc1 b6 16. Nd3 Ba6 17. Nf4 e6 18. Nxd5 exd5 19. Bf4 Qd7 20. Rd1 Nb4 21. Nd4
Rac8 22. Qd2 Bxd4 23. Qxd4 Nc2 24. Qxb6 Nxa1 25. Qxa6 Nb3 26. Bxd5 Qxa4 27. Qb6
Rxd5 28. Rxd5 Qa1+ 29. Kg2 Qxb2 30. Be5 1-0

[Event "Druga liga CS-Istok 2007"]
[Site "?"]
[Date "2007.09.16"]
[Round "2.4"]
[White "Nesic, Nebojsa"]
[Black "Zivanovic, Nenad"]
[Result "0-1"]
[WhiteElo "2171"]
[BlackElo "2187"]
[PlyCount "110"]
[EventDate "2007.09.13"]

1. d4 Nf6 2. c4 e6 3. Nc3 Bb4 4. e3 O-O 5. Bd3 d5 6. Nf3 Nbd7 7. O-O b6 8. cxd5
exd5 9. a3 Bxc3 10. bxc3 Bb7 11. Nd2 c5 12. f3 Re8 13. Re1 Qc7 14. Bb2 Re7 15.
Nf1 Rae8 16. Qd2 c4 17. Bc2 g6 18. Qf2 Kg7 19. Re2 Bc6 20. Rae1 b5 21. Qh4 Qb7
22. Ng3 Qb8 23. e4 dxe4 24. fxe4 Ng8 25. Bc1 f6 26. Qg4 Kh8 27. Bf4 Qb6 28. Re3
Ba8 29. Nf1 Qe6 30. Qe2 Kg7 31. Nd2 Nf8 32. d5 Qb6 33. Nf3 Nd7 34. Nd4 Kh8 35.
Kh1 a6 36. Ne6 Ne5 37. Rh3 Bb7 38. Be3 Qa5 39. Bc5 Rf7 40. Rf1 Bc8 41. Qd2 Bxe6
42. dxe6 Rxe6 43. Qd5 Re8 44. Bd4 Rd7 45. Qc5 Qc7 46. Qb4 Nc6 47. Qb2 Nxd4 48.
cxd4 Qd6 49. e5 fxe5 50. dxe5 Qxe5 51. Qxe5+ Rxe5 52. Bxg6 Re6 53. Bf5 Rf6 54.
g4 Rdf7 55. Re1 Ne7 0-1

[Event "Druga liga CS-Istok 2007"]
[Site "?"]
[Date "2007.09.16"]
[Round "2.4"]
[White "Ilic, Aleksandar"]
[Black "Nikolajevic, Branislav"]
[Result "1/2-1/2"]
[WhiteElo "2081"]
[BlackElo "2165"]
[PlyCount "100"]
[EventDate "2007.09.13"]

1. e4 c5 2. Nf3 Nc6 3. d4 cxd4 4. Nxd4 Nf6 5. Nc3 e5 6. Ndb5 d6 7. Bg5 a6 8.
Na3 b5 9. Bxf6 gxf6 10. Nd5 f5 11. Bd3 Be6 12. c3 Bg7 13. Qh5 O-O 14. O-O fxe4
15. Bxe4 f5 16. Nf4 exf4 17. Bxc6 Rc8 18. Qf3 d5 19. Bb7 Rb8 20. Rfe1 Bf7 21.
Bxa6 Qa5 22. Bxb5 Rxb5 23. Nxb5 Qxb5 24. Re2 d4 25. Rae1 Bxa2 26. cxd4 Bxd4 27.
Qxf4 Bg7 28. b4 Bf7 29. Rc2 Rb8 30. Rec1 Bf8 31. Rc8 Rxc8 32. Rxc8 Qe2 33. h3
Be6 34. Rd8 Kf7 35. Rd2 Qe1+ 36. Kh2 Qb1 37. Rd4 Bg7 38. Qc7+ Kg6 39. Qg3+ Kf7
40. Qc7+ Kg6 41. Rf4 Qe1 42. Qe7 Bf6 43. Qe8+ Kg7 44. g3 Bg5 45. Rxf5 Bf6 46.
Rf4 Qe5 47. b5 Bg5 48. Rg4 h6 49. Qe7+ Kg6 50. b6 Qf5 1/2-1/2

[Event "Druga liga CS-Istok 2007"]
[Site "?"]
[Date "2007.09.16"]
[Round "2.4"]
[White "Vojinovic, Jovana"]
[Black "Kostic, Dalibor"]
[Result "1-0"]
[WhiteElo "2217"]
[BlackElo "2053"]
[PlyCount "59"]
[EventDate "2007.09.13"]

1. d4 Nf6 2. Nf3 g6 3. c4 Bg7 4. Nc3 O-O 5. e4 d6 6. Be2 e5 7. Be3 Qe7 8. dxe5
dxe5 9. Nd5 Nxd5 10. cxd5 Qb4+ 11. Nd2 Qxb2 12. O-O b6 13. Qc1 Qxc1 14. Rfxc1
Ba6 15. Bd1 Rc8 16. Bg4 Rf8 17. Bh3 f5 18. Nf3 Bd3 19. Ng5 Na6 20. Rc3 Bxe4 21.
Rd1 Rfd8 22. Nxe4 fxe4 23. Bg5 Rf8 24. Rc6 h6 25. Be7 Rfe8 26. Ba3 Kh7 27. Re1
Rad8 28. Be6 h5 29. Bf7 Nb8 30. Bxg6+ 1-0

[Event "Druga liga CS-Istok 2007"]
[Site "?"]
[Date "2007.09.16"]
[Round "2.5"]
[White "Raicevic, Ivica"]
[Black "Radosavljevic, Slobodan D"]
[Result "1/2-1/2"]
[WhiteElo "2323"]
[BlackElo "2247"]
[PlyCount "22"]
[EventDate "2007.09.13"]

1. Nf3 Nf6 2. g3 g6 3. Bg2 Bg7 4. O-O O-O 5. c4 c5 6. Nc3 Nc6 7. a3 a6 8. Rb1
Rb8 9. b4 cxb4 10. axb4 b5 11. cxb5 axb5 1/2-1/2

[Event "Druga liga CS-Istok 2007"]
[Site "?"]
[Date "2007.09.16"]
[Round "2.5"]
[White "Markovic, Milan"]
[Black "Bura, Goran"]
[Result "1-0"]
[WhiteElo "2325"]
[BlackElo "2263"]
[PlyCount "52"]
[EventDate "2007.09.13"]

1. e4 c5 2. Nf3 e6 3. d4 cxd4 4. c3 dxc3 5. Nxc3 a6 6. Bc4 b5 7. Bb3 Bb7 8. O-O
d6 9. Qe2 Nd7 10. Rd1 Ngf6 11. Bf4 Qb8 12. Rd2 Be7 13. Rad1 Ne5 14. Nxb5 axb5
15. Nxe5 dxe5 16. Qxb5+ Kf8 17. Bxe5 Qa7 18. Bxf6 gxf6 19. Rd7 Bc5 20. Rxb7
Bxf2+ 21. Kh1 Qa5 22. Qd7 Qh5 23. Bxe6 Bg3 24. Qxf7+ Qxf7 25. Rxf7+ Ke8 26.
hxg3 Ra6 1-0

[Event "Druga liga CS-Istok 2007"]
[Site "?"]
[Date "2007.09.16"]
[Round "2.5"]
[White "Turudic, Nenad"]
[Black "Popovic, Djordje D"]
[Result "0-1"]
[WhiteElo "2232"]
[BlackElo "2262"]
[PlyCount "95"]
[EventDate "2007.09.13"]

1. e4 c5 2. Nf3 d6 3. d4 cxd4 4. Nxd4 Nf6 5. Nc3 a6 6. Bc4 e6 7. Bb3 b5 8. O-O
Be7 9. Re1 O-O 10. Re3 Bb7 11. Rg3 Nc6 12. Bh6 Ne8 13. Nxc6 Bxc6 14. Qg4 Bf6
15. Rd1 Kh8 16. Bc1 a5 17. a4 bxa4 18. Bxa4 Bxa4 19. Nxa4 Rc8 20. Rh3 g6 21.
Qe2 Qc7 22. Nc3 Bg7 23. Qa6 Rb8 24. Rhd3 Be5 25. f4 Bf6 26. Kh1 Be7 27. b3 Nf6
28. Be3 Rb4 29. Ra1 Nxe4 30. Qxa5 Qxa5 31. Rxa5 d5 32. Nxe4 Rxe4 33. Kg1 Rc8
34. c3 Bf6 35. Bd2 Rb8 36. b4 Kg8 37. Kf2 Rc4 38. Kf3 Rbc8 39. Ra3 Rb8 40. g3
Rcc8 41. Be3 Rc4 42. Bd4 Bxd4 43. Rxd4 Rxd4 44. cxd4 Rxb4 45. Ke3 Kg7 46. g4
Rb2 47. h4 Rh2 48. Ra7 0-1

[Event "Druga liga CS-Istok 2007"]
[Site "?"]
[Date "2007.09.16"]
[Round "2.5"]
[White "Komnenic, Branko"]
[Black "Milenkovic, Slavisa"]
[Result "1-0"]
[WhiteElo "2280"]
[BlackElo "2179"]
[PlyCount "111"]
[EventDate "2007.09.13"]

1. d4 Nf6 2. c4 c5 3. d5 d6 4. Nc3 g6 5. e4 Bg7 6. h3 O-O 7. Nf3 Na6 8. Bd3 Nc7
9. O-O a6 10. a4 Rb8 11. a5 b5 12. axb6 Rxb6 13. Qc2 e5 14. Bg5 h6 15. Bh4 g5
16. Bg3 Nh5 17. Rfe1 Ne8 18. Rab1 Nef6 19. Nh2 Kh8 20. Nd1 Nf4 21. Bf1 Rg8 22.
Ne3 Bf8 23. f3 h5 24. Nf5 Bxf5 25. exf5 Bh6 26. Be2 Qb8 27. Bd1 Rb4 28. b3 Qc8
29. Ra1 Ne8 30. Qb1 Nf6 31. Kh1 Rb6 32. Ra3 Qd7 33. Qc2 Ne8 34. Qe4 Nf6 35. Qb1
Ra8 36. Bc2 Qc8 37. Qa2 Qg8 38. Bd1 Nd3 39. Rf1 e4 40. Qd2 h4 41. Be1 Nxe1 42.
Rxe1 exf3 43. Bxf3 Kh7 44. Qa2 Re8 45. Qa1 Bg7 46. Qc1 Rxe1+ 47. Qxe1 Qc8 48.
Bg4 Nxg4 49. hxg4 Be5 50. Nf3 Bf6 51. Qe3 Qd8 52. Ra2 Qe7 53. Re2 Qxe3 54. Rxe3
Kg7 55. g3 hxg3 56. Kg2 1-0

[Event "Druga liga CS-Istok 2007"]
[Site "?"]
[Date "2007.09.16"]
[Round "2.5"]
[White "Vasic, Milena"]
[Black "Petrovic, Dragoslav"]
[Result "0-1"]
[WhiteElo "2167"]
[BlackElo "2034"]
[PlyCount "71"]
[EventDate "2007.09.13"]

1. d4 d5 2. c4 c6 3. Nc3 Nf6 4. Nf3 e6 5. Bg5 Be7 6. e3 Nbd7 7. cxd5 exd5 8.
Bd3 Ne4 9. Bxe7 Qxe7 10. O-O O-O 11. Qc2 f5 12. Rab1 g5 13. Rfe1 g4 14. Nd2 Qh4
15. Nf1 Ndf6 16. b4 a6 17. a4 Bd7 18. Rec1 Rf7 19. Qe2 Re8 20. b5 axb5 21. axb5
Nxc3 22. Rxc3 f4 23. bxc6 Bxc6 24. Qa2 f3 25. Ng3 Qg5 26. Ra3 h5 27. Nf5 Rff8
28. Rb2 fxg2 29. Kxg2 Ne4 30. Ng3 Nxg3 31. hxg3 Qf6 32. Bf1 Kg7 33. Kg1 h4 34.
Bg2 hxg3 35. fxg3 Qd6 36. Ra7 0-1

[Event "Druga liga CS-Istok 2007"]
[Site "?"]
[Date "2007.09.16"]
[Round "2.6"]
[White "Brankovic, Dejan"]
[Black "Panic, Milan"]
[Result "1-0"]
[WhiteElo "2395"]
[BlackElo "2203"]
[PlyCount "61"]
[EventDate "2007.09.13"]

1. e4 c5 2. Nf3 e6 3. d4 cxd4 4. Nxd4 Nf6 5. Nc3 d6 6. g4 a6 7. g5 Nfd7 8. Qg4
Nc6 9. Be3 Nde5 10. Qg3 Nxd4 11. Bxd4 Nc6 12. Be3 Be7 13. O-O-O O-O 14. f4 Qc7
15. Kb1 b5 16. Bd3 Re8 17. Rhg1 Bf8 18. e5 d5 19. Bxh7+ Kxh7 20. Qh4+ Kg8 21.
Rg3 g6 22. Rh3 Bg7 23. Qh7+ Kf8 24. Bc5+ Ne7 25. Bd6 Qb7 26. f5 gxf5 27. g6 f4
28. Rg1 Qa7 29. Rg2 f5 30. exf6 Qd4 31. Qxg7# 1-0

[Event "Druga liga CS-Istok 2007"]
[Site "?"]
[Date "2007.09.16"]
[Round "2.6"]
[White "Kolbert, Engelbert"]
[Black "Zlatanovic, Boroljub"]
[Result "0-1"]
[WhiteElo "2167"]
[BlackElo "2371"]
[PlyCount "46"]
[EventDate "2007.09.13"]

1. e4 g6 2. d4 Bg7 3. Nf3 d6 4. Bc4 Nf6 5. e5 dxe5 6. Nxe5 O-O 7. Nc3 Nfd7 8.
f4 c5 9. Nxf7 Rxf7 10. dxc5 e6 11. Bxe6 Qh4+ 12. g3 Qe7 13. Qe2 Bxc3+ 14. bxc3
Qxc5 15. Be3 Qxc3+ 16. Kf2 Nf6 17. Bxf7+ Kxf7 18. h3 Ne4+ 19. Kf3 Qc6 20. Qe1
Ng5+ 21. Ke2 Qc4+ 22. Kf2 Qxc2+ 23. Qe2 Ne4+ 0-1

[Event "Druga liga CS-Istok 2007"]
[Site "?"]
[Date "2007.09.16"]
[Round "2.6"]
[White "Grujic, Nebojsa"]
[Black "Stojanovic, Ivan"]
[Result "1-0"]
[WhiteElo "2204"]
[BlackElo "2176"]
[PlyCount "62"]
[EventDate "2007.09.13"]

1. d4 Nf6 2. c4 g6 3. Nc3 Bg7 4. e4 d6 5. f3 O-O 6. Be3 Nc6 7. Nge2 a6 8. Qd2
Rb8 9. Nc1 e5 10. d5 Nd4 11. N1e2 Nxe2 12. Bxe2 Bd7 13. c5 Nh5 14. O-O-O dxc5
15. Bxc5 Re8 16. Kb1 b5 17. Rc1 Bf8 18. Bxf8 Rxf8 19. g3 Nf6 20. Nd1 Ne8 21. g4
Qf6 22. Nf2 Qb6 23. Bd3 Nd6 24. h4 f6 25. Rh2 a5 26. Be2 a4 27. Nd1 b4 28. Ne3
a3 29. b3 Bb5 30. Nc4 Bxc4 31. Bxc4 Rf7 1-0

[Event "Druga liga CS-Istok 2007"]
[Site "?"]
[Date "2007.09.16"]
[Round "2.6"]
[White "Pavlovic, Dean"]
[Black "Stankovic, Nemanja"]
[Result "1-0"]
[WhiteElo "2289"]
[BlackElo "2085"]
[PlyCount "64"]
[EventDate "2007.09.13"]

1. c4 e6 2. g3 d5 3. Bg2 Nf6 4. Nf3 Bd6 5. O-O O-O 6. b3 Qe7 7. Qc2 c6 8. Bb2
Nbd7 9. d3 e5 10. Nh4 Nb8 11. Nc3 Be6 12. e4 dxc4 13. dxc4 Nbd7 14. Rad1 Rfd8
15. Nf5 Bxf5 16. exf5 Ba3 17. Ba1 Ne8 18. Rfe1 f6 19. Re2 Nc7 20. Nb1 Bc5 21.
Bb2 Nb6 22. Red2 Bb4 23. Rd3 Rxd3 24. Qxd3 Qe8 25. Ba3 Bxa3 26. Nxa3 Qe7 27.
Nc2 Re8 28. Be4 Kf7 29. b4 Kf8 30. a3 a5 31. h4 Na6 32. c5 Na4 1-0